000 00415nam a22001697a 4500
003 MPLRDC
005 20220104124401.0
008 210129b ||||| |||| 00| 0 eng d
020 _a983-063-495-7
082 _a857.63 CKL v.266 c.2
100 _a岑凯伦
245 _a金龟婿
_c
260 _a
_b环球出版社
_c1997
300 _b
650 _a短篇小说--别集
942 _cBK
_o857.63 CKL v.266 c.2
999 _c18898
_d18888